गुलाब संग काँटे भी/ (Record no. 197917)
[ view plain ]
| 000 -LEADER | |
|---|---|
| fixed length control field | 00887nam a22002057a 4500 |
| 005 - DATE AND TIME OF LATEST TRANSACTION | |
| control field | 20230926124738.0 |
| 010 ## - LCCN (DPL NO) | |
| LC control number | HIN-125847 |
| 020 ## - INTERNATIONAL STANDARD BOOK NUMBER | |
| Terms of availability | 125.00 |
| International Standard Book Number | 9789380455303 |
| 035 ## - SYSTEM CONTROL NUMBER | |
| System control number | HN-98193 |
| 037 ## - SOURCE OF ACQUISITION | |
| Source of stock number/acquisition | DBAD/PUB |
| 082 ## - DEWEY DECIMAL CLASSIFICATION NUMBER | |
| Classification number | क |
| 100 ## - MAIN ENTRY--PERSONAL NAME | |
| Personal name | मिश्र, सं. उमाशंकर |
| 245 ## - TITLE STATEMENT | |
| Title | गुलाब संग काँटे भी/ |
| Statement of responsibility, etc | सं. उमाशंकर मिश्र |
| 260 ## - PUBLICATION, DISTRIBUTION, ETC. (IMPRINT) | |
| Place of publication, distribution, etc | उत्तरप्रदेश |
| Name of publisher, distributor, etc | उद्योग नगर प्रकाशन |
| Date of publication, distribution, etc | 2012 |
| 270 ## - ADDRESS | |
| Address | 695,न्यू कोट गाँव, जी. टी. रोड, |
| City | गाज़ियाबाद |
| Postal code | 2860110 |
| 300 ## - PHYSICAL DESCRIPTION | |
| Extent | 104पृ. |
| Dimensions | 22से.मी(अजिल्द) |
| 650 ## - SUBJECT ADDED ENTRY--TOPICAL TERM | |
| Topical term or geographic name as entry element | हिन्दी कविता |
| 700 ## - ADDED ENTRY--PERSONAL NAME | |
| Personal name | श्रीवास्तव, परमानंद |
| 9 (RLIN) | 56048 |
| 942 ## - ADDED ENTRY ELEMENTS (KOHA) | |
| Source of classification or shelving scheme | Dewey Decimal Classification |
| Item type | Hindi Books |
| Classification part | क |
| Call number suffix | मिश्र |
| Withdrawn status | Lost status | Not for loan | Collection code | Home library | Current library | Date acquired | Source of acquisition | Cost, normal purchase price | Full call number | Barcode | Copy number | Cost, replacement price | Koha item type |
|---|---|---|---|---|---|---|---|---|---|---|---|---|---|
| Fiction | Mobile Library | Mobile Library | 06/09/2023 | DBAD/PUB | 125.00 | क मिश्र | HN-98193 | 1 | 125.00 | Hindi Books |
